Samopodnastraivajuščiesja stanki : Upravlenije uprugami pereščenijami na stankach

Gespeichert in:
Bibliographische Detailangaben
Format: Buch
Sprache:Russisch
Veröffentlicht: Moskva : Mašinostrojenije, 1967
Ausgabe:2.izd.
Tags: Tag hinzufügen
Keine Tags, Fügen Sie das erste Tag hinzu!

MARC

LEADER 00000nam a22000003a 4500
001 stu41735
005 20141122042420.0
008 940119s1967----xxr-----------------rus-d
040 |a STU  |b slo 
041 0 |a rus 
044 |a xxr 
245 |a Samopodnastraivajuščiesja stanki :  |b Upravlenije uprugami pereščenijami na stankach 
250 |a 2.izd. 
260 |a Moskva :  |b Mašinostrojenije,  |c 1967 
300 |a 397 s 
996 |b 284M003818  |c M*4105-1  |l MMKN  |s A  |a 24  |w stu41735_0001